The settlement of disputes in international law: institutions and procedures
Wedi'i Gadw mewn:
| Prif Awdur: | |
|---|---|
| Awduron Eraill: | |
| Fformat: | Llyfr |
| Iaith: | Saesneg |
| Cyhoeddwyd: |
Oxford
Oxford University Press
1999
|
| Rhifyn: | 1a. ed |
| Pynciau: | |
| Tagiau: |
Ychwanegu Tag
Dim Tagiau, Byddwch y cyntaf i dagio'r cofnod hwn!
|
MARC
| LEADER | 00000cam a2200000 a 4500 | ||
|---|---|---|---|
| 001 | UCE5848 | ||
| 003 | CL-VaPUC | ||
| 008 | 150312e19990000uk |||||||||||||||||eng|d | ||
| 020 | |a 9780198299271 | ||
| 082 | 0 | 4 | |a 341 |b COL |2 21 |
| 100 | 0 | |a Collier, John |e author |9 578517 | |
| 700 | |a Lowe, Vaughan |e autor |q Lowe, Alan Vaughan |9 578519 | ||
| 245 | 1 | 4 | |a The settlement of disputes in international law: institutions and procedures |
| 250 | |a 1a. ed | ||
| 300 | |a 395 p | ||
| 942 | |c BK | ||
| 945 | |d 20150312 12:37:00 |a dcastane | ||
| 260 | |a Oxford |b Oxford University Press |c 1999 | ||
| 650 | 0 | |a Derecho internacional |9 255637 | |
| 650 | 7 | |a ORGANISMOS INTERNACIONALES |2 CL-VaPUC |9 255448 | |
| 650 | 0 | |a Administración internacional |9 307030 | |
| 583 | |a last modification |c 20150312 12:37:00 |k Rodrigo Vera | ||
| 999 | |c 358414 |d 358412 | ||
| 952 | |0 0 |1 0 |3 erb |4 0 |6 341_000000000000000_COL_1999 |7 0 |8 A |9 467102 |a BIBDER |b BIBDER |i 5138922 |l 1 |o 341 COL 1999 |p 5138922 |r 2024-07-22 |s 2024-07-22 |w 2019-11-23 |y BK |z Catalogado en:20150312 |k DER | ||